Ajvanhô - Ajvanhoe : Tiểu thuyết

Đây là tiểu thuyết nổi tiếng nhất của Scốt. Tác giả đa dựa vào bi kịch cũ, ít giá trị, bà Rơnimiđơ của Lôgan(thế kỷ 18). Tác phẩm có giá trị nhân đạo rất sâu sắc, đề cao tinh thần yêu nước, lòng tự hào dân tộc....

Full description

Saved in:
Bibliographic Details
Main Author: Scott, Walter
Format: Book
Language:Undetermined
Published: Hà Nội Văn học 2006
Subjects:
Tags: Add Tag
No Tags, Be the first to tag this record!
Institutions: Trung tâm Học liệu Trường Đại học Cần Thơ
LEADER 00998nam a2200229Ia 4500
001 CTU_123468
008 210402s9999 xx 000 0 und d
020 |c 80000 
082 |a 823.7 
082 |b S431 
100 |a Scott, Walter 
245 0 |a Ajvanhô - Ajvanhoe : 
245 0 |b Tiểu thuyết 
245 0 |c Walter Scott ; Trần Kiêm dịch và giới thiệu 
260 |a Hà Nội 
260 |b Văn học 
260 |c 2006 
520 |a Đây là tiểu thuyết nổi tiếng nhất của Scốt. Tác giả đa dựa vào bi kịch cũ, ít giá trị, bà Rơnimiđơ của Lôgan(thế kỷ 18). Tác phẩm có giá trị nhân đạo rất sâu sắc, đề cao tinh thần yêu nước, lòng tự hào dân tộc. 
650 |a English fiction,English literature 
650 |y 19th century ( vietnamese ),19th century 
904 |i Nguyên 
980 |a Trung tâm Học liệu Trường Đại học Cần Thơ